ბათუმის შოთა რუსთაველის სახელმწიფო უნივერსიტეტის ბიბლიოთეკა

ქართველი ხალხის ეთნოლოგიური ლექსიკონი აჭარა : / (ბიბ.ჩანაწერი № 56718)

000 -ლიდერი
ფიქსირებული სიგრძის საკონტროლო ველი 01679nam a22002297a 4500
003 - საკონტროლო ნომრის იდენტიფიკატორი
საკონტროლო ველი Ge_BSU
005 - ბოლო ოპერაციის თარიღი და დრო
საკონტროლო ველი 20190421015941.0
008 - ფიქსირებული სიგრძის მონაცემთა ელემენტები - ზოგადი ინფორმაცია
ფიქსირებული სიგრძის საკონტროლო ველი 181218b xxu||||| |||| 00| 0 geo d
020 ## - წიგნის საერთაშორისო სტანდარტული ნომერი
International Standard Book Number 9789941802737
041 ## - ენის კოდი
Language code of text/sound track or separate title geo
080 ## - უნივერსალური ათობითი კლასიფიკაციის ინდექსი
Edition identifier 39(038)
Universal Decimal Classification number ე-416
245 ## - ცნობა სათაურის შესახებ
Title ქართველი ხალხის ეთნოლოგიური ლექსიკონი აჭარა : /
Statement of responsibility, etc ნუგზარ მგელაძე , თემურ ტუნაძე , ლია მელიქიშვილი , რედაქტორი: როინ მეტრეველი
264 ## - წარმოების, გამოცემის, დისტრიბუციის და სხვა ცნობები
გამოცემის, წარმოების, დისტრიბუციის... ადგილი ბათუმი :
გამოცემის, წარმოების, დისტრიბუციის... სახელწოდება ,,გამომცემლობა სამშობლო",
გამოცემის, წარმოების, დისტრიბუციის... თარიღი 2018.
300 ## - ფიზიკური აღწერა
Extent 640 გვ.
Other physical details ილ.
490 ## - სერიის ცნობა
Series statement :ბათუმის შოთა რუსთაველის სახელმწიფო უნივერსიტეტი, ჰუმანიტარულ მეცნიერებათა ფაკულტეტი, ქართველოლოგიური კვლევის ცენტრი
504 ## - BIBLIOGRAPHY, ETC. NOTE
Bibliography, etc ბიბლიოგრ:. გვ.631-640
653 ## - INDEX TERM--UNCONTROLLED
Uncontrolled term ეთნოლოგია
653 ## - INDEX TERM--UNCONTROLLED
Uncontrolled term ისტორია
700 ## - ADDED ENTRY--PERSONAL NAME
Personal name თემურ ტუნაძე , ლია მელიქიშვილი , რედაქტორი: როინ მეტრეველი
9 (RLIN) 100
710 ## - ADDED ENTRY--CORPORATE NAME
Relator code ბათუმის შოთა რუსთაველის სახელმწიფო უნივერსიტეტის ქართველოლოგიური კვლევის ცენტრი
942 ## - ADDED ENTRY ELEMENTS (KOHA)
Source of classification or shelving scheme
Koha item type წიგნი
კლასიფიკაციის ნაწილი 39(038)
დანართი (მაგ. კეტერის კოდი) ე-416
ეგზემპლარები
ჩამოწერის სტატუსი დაკარგული ეგზემპლარის სტატუსი კლასიფიკაციის წყარო ან თაროზე გაწყობის სქემა დაზიანების სტატუსი არ გაიცემა მუდმივი მდებარეობა (დაცვის ადგილი) ამჟამინდელი ადგილსამყოფელი შეძენის თარიღი ღირებულება, შესყიდვის ნორმალური ფასი სრული შენახვის შიფრი შტრიხკოდი ბოლო ოპერაციის თარიღი ეგზემპლარის მიმდევრობითი ნომერი (კეტერი?) ფასის ძალაში შესვლის თარიღი ეგზემპლარის სახეობა საჯარო შენიშვნა
          ბათუმის შოთა რუსთაველის სახელმწიფო უნივერსიტეტის მთავარი ბიბლიოთეკა ბათუმის შოთა რუსთაველის სახელმწიფო უნივერსიტეტის მთავარი ბიბლიოთეკა 2018-12-18 125.00 ე-416 39(038) 2018-12-18 55661 2018-12-18 წიგნი 125ლ.